Princípy pamäti v procese učenia

Úloha pamäti pri štúdiu cudzieho jazyka. Druhy pamäti a procesy pamäti. Typy učenia. Vlastnosti pozornosti.

Uložené v:
Podrobná bibliografia
Hlavný autor: Kurdelová, Ľubica
Médium: Kapitola
Jazyk:Slovak
Predmet:
Tagy: Pridať tag
Žiadne tagy, Buďte prvý, kto otaguje tento záznam!

MARC

LEADER 00000nla a2200000 4500
001 0200550
005 20240502073406.6
041 0 |a slo 
044 |a SK 
245 1 0 |a Princípy pamäti v procese učenia  |c Ľubica Kurdelová 
520 |a Úloha pamäti pri štúdiu cudzieho jazyka. Druhy pamäti a procesy pamäti. Typy učenia. Vlastnosti pozornosti. 
610 2 0 |a vzdelávanie 
610 2 0 |a jazyky cudzie 
100 1 |a Kurdelová, Ľubica